【プロ野球】2026年 横浜DeNAベイスターズ 応援歌 - Statistics

General Stats
  • This quiz has been taken 7 times
  • The average score is 23 of 29
Answer Stats
応援歌 選手名 % Correct
煌めくこの空に 夢の軌道描け今この歓声 打てよ勝利のために 度会隆輝
100%
覚悟を決めて振りぬけ 打球が風を切り裂き夢運ぶ 打てよ勝利への一打 松尾汐恩
100%
蒼き戦士の闘志 果敢に突き進めハマの空に弧を描け 進めShiny Road 佐野恵太
100%
さあ走り出せ 浜風背に受け秘めた想いつないで 輝け〇〇 京田陽太
100%
横浜の空高く ホームランかっ飛ばせ 〇〇ー! さあ打て〇〇 飛ばせ空の彼方 横浜に輝く大砲 かっ飛ばせホームラン 筒香嘉智
100%
期待を背負い 頂き目指しハマの未来を担え 〇〇〇〇 山本祐大
100%
儚き夢追いこの地へ 導かれ青の誇り胸に 空に花咲かせろ ビシエド
100%
シャープに打ち返し 勝利へ導け強く速く風のように 走り抜け〇〇 林琢真
86%
オオオオー オオオオーオオオオーオオ 〇〇! オオオオオ オオオオオ 届け 我らの声 鍛えたそのパワー かっとばせ 勝利をさぁ目指せ ホームラン 牧秀悟
86%
スタジアムのヒーロー 輝く星となれ歓声背に受け ダイヤモンド駆け抜けろ 森敬斗
86%
琉球の波に乗って 潮風を背に受け冴えわたる神業 オーーー島人の星 神里和毅
86%
奮い立て 横浜の大黒柱よさあ打て飛ばせ勝利への 扉を開け 戸柱恭孝
86%
さあ振り抜け〇〇 気迫あふれるパワーで夢描け鮮やかに 空高く 宮﨑敏郎
86%
スタンドの期待を背に 打て永遠の星へ 確信の一打を 魅せてくれ  蝦名達夫
86%
うちに秘めた想い 一打に懸けろ走り出すその先には 〇〇の夢がある 関根大気
86%
打て打て打て打て 一発〇〇打て打て打て打て 勝利を目指せ ヒュンメル
86%
港男は誰も みんな答えが出せるさ Go Go Let's Go! 代打のテーマ
86%
いざ進め〇〇 その手で舵をとれ幾多の試練乗り越え 戦え〇〇 捕手のテーマ
86%
狙い澄ましたミートと 巧みなグラブ捌きは努力というかけらの 結晶の証だ 柴田竜拓
71%
颯爽と駆けろ 蒼く湧く横浜の突き進め勝利への道 星をつかめ 梶原昂希
71%
たたかうぞ 闘志みなぎらせて勝利の海 行くぞベイスターズ 投手のテーマ
71%
誇らしきひと振りは 努力の証揺るがぬ志で 今突き進め 三森大貴
57%
今その一打に 勝ちへの想い込め 燃えさかれ〇〇 この港で 石上泰輝
57%
勝利の女神が 惚れたベイスターズ 打てよかっとばせ ハマの空へ 相川亮二(ホーム)
57%
大志を抱く男 内に秘める魂を 今このグランドに いざ解き放て 相川亮二(ビジター)
57%
ここで一発〇〇! ここで一発〇〇!ライトへレフトへホームラン それゆけ それゆけ それゆけ 〇〇! その他の右打者
57%
出た出たついに 必殺バットマン白い弾丸打ち込んで ガッツポーズだ その他の左打者
57%
左腕がうなれば 狙いははずさないピンポイントの技 攻めて攻めろ〇〇! 先発左腕のテーマ
43%
オイ!オイ! 〇〇 〇〇オイ!オイ! オイオイ 外国人投手のテーマ
43%
No matching quizzes found
Score Distribution
Percent of People with Each Score
Percentile by Number Answered
Your Score History
You have not taken this quiz